000 00584nam a2200169 i 4500
001 115797
003 ES-MaACL
005 20251015164503.0
007 t|
008 070514s1930 sp ||||1| spa d
245 0 4 _aLos viejos cuentos españoles elegidos en las colecciones de Urquijo, Garibay, Pinedo y el Duque de Frías /
_c[recopilados] por E. Barriobero y Herrán.
260 _aMadrid :
_b[s.n.],
_c1930 (
_fGalo Saez)
300 _a218 p. ;
_c17 cm.
700 1 _aBarriobero y Herrán, Eduardo,
_d1875-1939
_926012
852 _aES-MaACL
_jB-3793
999 _c115797
_d115797